000 01134cam a2200313 a 4500
999 _c1861
_d1861
001 14844543
003 GZU
005 20201022145439.0
008 070509s2007 sa ab b 001 0 eng
010 _a 2007325694
020 _a0627026753
020 _a9780627026751
040 _aDLC
_cDLC
_dDLC
050 0 0 _aLB43
_b.C6649 2007
245 0 0 _aComparative education :
_beducation systems & contemporary issues /
_cC.C. Wolhuter, E.M. Lemmer, N.C. de Wet, editors.
250 _a1st ed.
260 _aPretoria :
_bVan Schaik,
_c2007.
300 _axvii, 267 p. :
_bill., maps ;
_c25 cm.
504 _aIncludes bibliographical references and index.
650 0 _aComparative education.
650 0 _aEducation
_vCross-cultural studies.
700 1 _aWolhuter, C. C.
_q(Charl C.)
700 1 _aLemmer, Eleanor M.
700 1 _aDe Wet, N. C.
_q(Nita Corene)
856 4 1 _3Table of contents only
_uhttp://www.loc.gov/catdir/toc/fy0712/2007325694.html
906 _a7
_bcbc
_corigres
_d3
_encip
_f20
_gy-gencatlg
942 _2lcc
_cBK
_h43.C6
_iWOL
_kLB